1099 1552 1196 1043 1682 1712 1546 1545 1812 1768 1909 1354 1471 1095 1707 1336 1618 1669 1415 1195 1168 1003 1239 1243 1016 1697 1290 1524 1170 1311 1294 1684 1536 1726 1064 1047 1829 1946 1600 1118 1200 1542 1866 1252 1687 1914 1211 1893 1949 1698 1540 1245 1797 1437 1380 1012 1371 1070 1621 1272 1887 1288 1782 1845 1799 1744 1288 1708 1180 1481 1700 1141 1048 1306 1535 1978 1764 1520 1446 1276 1908 1584 1009 1281 1436 1751 1256 1206 1103 1976 1091 1060 1218 1401 1945 1910 1698 1047 1786 BCNSPRNW ULIB Ver.6.0+V

เปลี่ยนเป็นภาษาไทย

Change to English
 แสดงรายละเอียดบรรณานุกรม
  กลับหน้าหลัก

Brief Record : Get Marc (ISO 2709) : E-mail record : QR code < ปิดหน้าต่าง
LEADER : 00000nam 2200000uu 4500
001    13399124568
003     ULIB
008    150924s2558||||th 000 0 tha d
020    ^a9789740333586
060  4 ^aWY157.3^bช114ก
100    ^aชฎาภรณ์ วัฒนวิไล
245    ^aการพยาบาลสตรีที่มีภาวะฉุกเฉินในระยะตั้งครรภ์และคลอด/^cชฎาภรณ์ วัฒนวิไล
250    ^aพิมพ์ครั้งที่ 1
260    ^aกรุงเทพฯ :^bสำนักพิมพ์แห่งจุฬาลงกรณ์มหาวิทยาลัย,^c2558
300    ^a100 หน้า^bภาพประกอบ
650    ^aการพยาบาลสูติศาสตร์^xภาวะฉุกเฉิน
650    ^aสูติศาสตร์ฉุกเฉิน
945    ^p135^l0^i23195
945    ^p135^l0^i23194
945    ^p135^l0^i23193
945    ^p135^l0^i23192
945    ^p135^l0^i23191
999    ^aทศพร เกษรทอง
รายการนี้ยังไม่มีแท็ก
คุณยังไม่ได้ล็อกอิน คุณสามารถมีกิจกรรมร่วมกับเว็บไซต์ได้ แต่ต้องล็อกอินก่อน ::
  ล็อกอิน

รายการสื่อสารสนเทศ

ลำดับที่ ประเภท เลขเรียก/บาร์โค้ด สถานที่ สถานะ
1. Book การพยาบาล
Book การพยาบาล
สถานะ=หนังสือเก่า
WY157.3 ช114ก ฉ.1 
  Barcode: 23191
ห้องสมุดวิทยาเขตนครสวรรค์
►ส่วนจัดเก็บหนังสือเก่า นว.
บนชั้น
  ขอยืม
2. Book การพยาบาล
Book การพยาบาล
WY157.3 ช114ก ฉ.2 
  Barcode: 23192
ห้องสมุดวิทยาเขตนครสวรรค์
►ส่วนจัดเก็บหนังสือเก่า นว.
บนชั้น
  ขอยืม
3. Book การพยาบาล
Book การพยาบาล
WY157.3 ช114ก ฉ.3 
  Barcode: 23193
ห้องสมุดวิทยาเขตนครสวรรค์
►ส่วนจัดเก็บหนังสือเก่า นว.
ถูกยืม กำหนดส่งวันที่ 20 กุมภาพันธ์ 2569
  จอง
4. Book การพยาบาล
Book การพยาบาล
WY157.3 ช114ก ฉ.4 
  Barcode: 23194
ห้องสมุดวิทยาเขตนครสวรรค์
►ส่วนจัดเก็บหนังสือเก่า นว.
บนชั้น
  ขอยืม
5. Book การพยาบาล
Book การพยาบาล
WY157.3 ช114ก ฉ.5 
  Barcode: 23195
ห้องสมุดวิทยาเขตนครสวรรค์
►ส่วนจัดเก็บหนังสือเก่า นว.
บนชั้น
  ขอยืม

รายการใกล้เคียง
    ผู้แต่ง [ชฎาภรณ์ วัฒนวิไล]

    หัวเรื่อง [สูติศาสตร์ฉุกเฉิน]

BibComment


ยังไม่เคยถูกคอมเมนท์

คอมเมนท์ทรัพยากรรายการนี้
  คอมเมนท์: การพยาบาลสตรีที่..


 Copyright 2026. Bcnsprnw @Library